出售自己的蛇 ( (Selling One's Own Snake). / (Record no. 10060)

MARC details
000 -LEADER
fixed length control field 00800nam a22001817a 4500
001 - CONTROL NUMBER
control field 10060
003 - CONTROL NUMBER IDENTIFIER
control field FISKH
005 - DATE AND TIME OF LATEST TRANSACTION
control field 20260403111604.0
008 - FIXED-LENGTH DATA ELEMENTS--GENERAL INFORMATION
fixed length control field 260402b cb ||||| |||| 00| 0 eng d
040 ## - CATALOGING SOURCE
Original cataloging agency FISKH
Language of cataloging chi
Transcribing agency FISKH
Modifying agency FISKH
082 ## - DEWEY DECIMAL CLASSIFICATION NUMBER
Classification number 895.13
100 ## - MAIN ENTRY--PERSONAL NAME
Personal name 吴洲星
245 ## - TITLE STATEMENT
Title 出售自己的蛇 ( (Selling One's Own Snake). /
Statement of responsibility, etc. 吴洲星
300 ## - PHYSICAL DESCRIPTION
Extent 32 unnumbered pages :
Other physical details color illustrations ;
Dimensions 25 cm .
520 ## - SUMMARY, ETC.
Summary, etc. 这是一本寓言式的儿童读物,通过“出售自己的蛇”这一独特故事情节,向读者传达关于智慧、选择与责任的深层含义。故事通常以动物或象征性角色展开,语言简洁、生动,适合儿童阅读,同时也具有启发性,让孩子思考价值观与人生道理。
942 ## - ADDED ENTRY ELEMENTS (KOHA)
Source of classification or shelving scheme Dewey Decimal Classification
Koha item type Books
Suppress in OPAC No
Holdings
Withdrawn status Lost status Source of classification or shelving scheme Damaged status Not for loan Collection Home library Current library Shelving location Date acquired Total Checkouts Full call number Barcode Date last seen Price effective from Koha item type
    Dewey Decimal Classification     Reference Footprints International School Library Network Toul Tom Poung Campus Footprints International School Library Network Toul Tom Poung Campus Librarian's Shelf TTP 04/02/2026   吴洲星 895.13 2026-0443 04/02/2026 04/02/2026 Books